Logo BPK

Biblioteka

Politechniki Koszalińskiej

Wstęp do psychoanalizy / (Rekord nr 22684)

Szczegóły MARC
000 -ETYKIETA REKORDU
podpole kontrolne o stałej długości 00543nam a2200193 i 4500
001 - NUMER KONTROLNY REKORDU
pole kontrolne bg
020 ## - MIĘDZYNARODOWY ZNORMALIZOWANY NUMER KSIĄŻKI - ISBN
ISBN 8301038632
040 ## - ŹRÓDŁO KATALOGOWANIA
Instytucja, która utworzyła rekord BPK
041 ## - KOD JĘZYKA
Kod języka tekstu pol
080 ## - UNIWERSALNA KLASYFIKACJA DZIESIĘTNA - UKD
UKD 159.964
920 ## - Międzynarodowy znormalizowany numer książki – ISBN
ISBN 83-01-03863-2
008 - POLE O STAŁEJ DŁUGOŚCI - DANE KONTROLNE
podpole kontrolne o stałej długości s pl f |000 0 pol
100 1# - NAZWA OSOBOWA
Nazwa osobowa Freud, Sigmund
Daty związane z nazwą (1856-1939).
245 10 - TYTUŁ/ODPOWIEDZIALNOŚĆ
Tytuł Wstęp do psychoanalizy /
Pozostałe elementy strefy tytułu i oznaczenia odpowiedzialności Zygmunt Freud ; przekł. z niem. S. Kempnerówny, W. Zaniewickiego.
250 ## - STREFA WYDANIA
Oznaczenie wydania Wyd. 4.
260 ## - STREFA ADRESU WYDAWNICZEGO
Miejsce wydania Warszawa :
Nazwa wydawcy/dystrybutora Państwowe Wydaw. Naukowe,
Data publikacji, dystrybucji/powstania dokumentu 1984.
300 ## - STREFA OPISU FIZYCZNEGO
Objętość 447, [1] s. ;
Rozmiary 20 cm.
856 ## - LOKALIZACJA I DOSTĘP DO ELEKTRONICZNYCH DOKUMENTÓW ZDALNYCH
Link (URL) http://koha.tu.koszalin.pl/cgi-bin/koha/opac-detail.pl?biblionumber=22684
Tekst linku Katalog online BPK
942 ## - DODATKOWE ELEMENTY (KOHA)
Typ dokumentu Książka
Egzemplarze
Wycofany Status egzemplarza Uszkodzony Dostępność Lokalizacja stała Lokalizacja bieżąca Miejsce przechowywania Sygnatura Kod kreskowy Ostatnio wypożyczono Typ dokumentu
      Dostępny Biblioteka Politechniki Koszalińskiej Biblioteka Politechniki Koszalińskiej Wypożyczalnia BG 31896 01016581 01.03.2018 Książka
© 2023 Biblioteka Politechniki Koszalińskiej :: KOHA